Sports Quiz

Random Sports or MLB Quiz

MLB RBI Leaders by Team (2000s) Quiz Stats

 Plays Quiz Updated May 11, 2018

Score 0/30 Timer 07:00
6 Plays Today
Team Player % Correct
Atlanta BravesChipper Jones
92.7%
Boston Red SoxManny Ramirez
88.2%
St Louis CardinalsAlbert Pujols
87.8%
Chicago CubsAramis Ramirez
87%
Arizona DiamondbacksLuis Gonzalez
78.9%
Colorado RockiesTodd Helton
77.7%
San Francisco GiantsBarry Bonds
77.2%
Houston AstrosLance Berkman
74.4%
Chicago White SoxPaul Konerko
67.5%
Cincinnati RedsAdam Dunn
60.5%
New York MetsDavid Wright
60.4%
New York YankeesJorge Posada
58.5%
Seattle MarinersIchiro Suzuki
55.6%
Texas RangersMichael Young
49.2%
Cleveland IndiansTravis Hafner
48.9%
Team Player % Correct
Toronto Blue JaysVernon Wells
48.1%
Tampa Bay RaysCarl Crawford
46%
Minnesota TwinsTorii Hunter
45.2%
Los Angeles Angels of AnaheimGarret Anderson
44.8%
Oakland A'sEric Chavez
37%
Pittsburgh PiratesJason Bay
34.7%
Kansas City RoyalsMike Sweeney
29.9%
Philadelphia PhilliesPat Burrell
28.1%
Los Angeles DodgersShawn Green
24.7%
Detroit TigersBrandon Inge
24.5%
Baltimore OriolesMelvin Mora
24%
Florida MarlinsMike Lowell
23.5%
Washington Nationals / Montréal ExposJose Vidro
18.8%
Milwaukee BrewersGeoff Jenkins
16.9%
San Diego PadresRyan Klesko
10.6%

You're not logged in!

Compare scores with friends on all Sporcle quizzes.
OR
Log In

Sporcle TV

Today on Sporcle TV


Watch our educational content, quiz creation guides, and fun videos on Sporcle TV.

Show Comments

Extras

Top Quizzes Today


Score Distribution

Your Account Isn't Verified!

In order to create a playlist on Sporcle, you need to verify the email address you used during registration. Go to your Sporcle Settings to finish the process.

Report this User

Report this user for behavior that violates our Community Guidelines.

Details: